حما قتين (Record no. 87845)

MARC details
000 -LEADER
fixed length control field 01046nam a22002657a 4500
005 - DATE AND TIME OF LATEST TRANSACTION
control field 20150129165734.0
008 - FIXED-LENGTH DATA ELEMENTS--GENERAL INFORMATION
fixed length control field 140714b xxu||||| |||| 00| 0 Urdu d
010 ## - LCCN (DPL NO)
LC control number UR-8540 B-548311-313
020 ## - INTERNATIONAL STANDARD BOOK NUMBER
Terms of availability 295.00
International Standard Book Number 9788176503327
035 ## - SYSTEM CONTROL NUMBER
System control number U-7095 B-548311-313
037 ## - SOURCE OF ACQUISITION
Source of stock number/acquisition BPPD/Publishers/Venders
037 ## - SOURCE OF ACQUISITION
Source of stock number/acquisition DBAD/Pub.
037 ## - SOURCE OF ACQUISITION
Source of stock number/acquisition Star Pub.(Vend.)/Arshia Pub.(Pub.)
040 ## - CATALOGING SOURCE
Original cataloging agency DPL
Language of cataloging Urdu
082 ## - DEWEY DECIMAL CLASSIFICATION NUMBER
Classification number 841.8
100 ## - MAIN ENTRY--PERSONAL NAME
Personal name شفيق ا لر حمن
245 ## - TITLE STATEMENT
Title حما قتين
Statement of responsibility, etc شفيق ا لر حمن
246 ## - VARYING FORM OF TITLE
Title proper/short title Himaqtein (Humour stories)
Remainder of title by Shafiq ur Rehman
260 ## - PUBLICATION, DISTRIBUTION, ETC. (IMPRINT)
Name of publisher, distributor, etc Star Publictions
-- Star Publications.( Vender)
Date of publication, distribution, etc 2013
260 ## - PUBLICATION, DISTRIBUTION, ETC. (IMPRINT)
Place of publication, distribution, etc 4/5Asaf Ali Road,New Delhi-110002
270 ## - ADDRESS
Address Suit 4b,floor 15,Webbley point, 1 Harrow Road,Wemley H A 96 DE(U.K)
City U.K.
300 ## - PHYSICAL DESCRIPTION
Extent 138ص
Dimensions 22Cm(Pb)
942 ## - ADDED ENTRY ELEMENTS (KOHA)
Source of classification or shelving scheme Dewey Decimal Classification
Item type Urdu Bks
Call number suffix ش ف ی
Classification part 841.8
Holdings
Withdrawn status Lost status Source of classification or shelving scheme Damaged status Not for loan Collection code Home library Current library Date acquired Source of acquisition Cost, normal purchase price Total Checkouts Full call number Barcode Date last seen Copy number Cost, replacement price Koha item type
    Dewey Decimal Classification     Non-fiction Central Library Central Library 17/12/2014 BPPD/UR/2014-15/127/1.8.14/SP/3597/6.8.14/2.9.14 295.00   841.8 ش ف ی B-548311 17/12/2014 1 295.00 Urdu Bks
    Dewey Decimal Classification   Not For Loan Non-fiction D.B.Act.Division D.B.Act.Division 29/01/2015 DBAD/PUB 295.00   841.8 ش ف ی U-7095 29/01/2015 1 295.00 Urdu Bks
    Dewey Decimal Classification     Non-fiction Patel Nagar Patel Nagar 17/12/2014 BPPD/UR/2014-15/127/1.8.14/SP/3597/6.8.14/2.9.14 295.00   841.8 ش ف ی B-548312 17/12/2014 1 295.00 Urdu Bks
    Dewey Decimal Classification     Non-fiction Sarojini Nagar Sarojini Nagar 17/12/2014 BPPD/UR/2014-15/127/1.8.14/SP/3597/6.8.14/2.9.14 295.00 3 841.8 ش ف ی B-548313 24/12/2018 1 295.00 Urdu Bks

© Delhi Public Library
Hit Counter
free hit counter